000 00286nam a2200121Ia 4500
005 20251222154439.0
008 251222s9999||||xx |||||||||||||| ||spa||
020 _a84-8130-219-8
082 _a868.89/S26/1999
100 _a"Saramago, José"
245 0 _aViaje a Portugal
942 _cLIB
999 _c36737
_d36737